Did this team played in Premier League? - Statistics

General Stats
  • This quiz has been taken 36 times
    22 since last reset
  • The average score is 11 of 15
Answer Stats
Question Answer % Correct
Leicester City Yes
100%
Nottingham Forest Yes
100%
Scunthorpe United No
95%
Birmingham City Yes
91%
Milwall No
82%
Sheffield Wednesday Yes
82%
Rotherdam United No
77%
Portsmouth Yes
77%
Blackpool Yes
68%
Barnsley Yes
68%
Bolton Wanderers Yes
68%
Bristol City No
59%
Swindon Town Yes
41%
Wimbledon (Not AFC) Yes
41%
Oldham Athletic Yes
36%
No matching quizzes found
Score Distribution
Percent of People with Each Score
Percentile by Number Answered
Your Score History
You have not taken this quiz since the last reset